000 00872nam a2200217 4500
005 20210725232217.0
008 210725s1990 pe a|||fr|||| 001 0 spa d
040 _aCENDOC CAAAP
_bspa
_cCAAAP
041 _aspa
050 _aHA 1069.RSM
_bP45
245 _aRegión San Martín-La Libertad :
_bcompendio estadístico 1989-1990
250 _a1ra ed.
260 _aLima:
_bINEI,
_c1990
300 _a156 p.
505 _aContiene : Territorio -- Población -- Educación y cultura -- Salud -- Vivienda y construcción -- Ciencias Regionales: PBI -- Agropecuarios -- Energía y minas --Manufactura -- Turismo -- Trabajo, interior y justicia --Precios
650 1 0 _91678
_aGobierno Local
650 2 0 _91674
_aDesarrollo Local
651 0 _92894
_aSan Martín (Perú: Departamento)
_xCondiciones económicas
651 1 0 _93711
_aLa Libertad
942 _2lcc
_b25 - 07 - 21
_cBK
999 _c1953
_d1953